| 000 | 01037nmc a2200409 a 4500 | ||
|---|---|---|---|
| 003 | AR-BaBNM | ||
| 005 | 20251128204532.0 | ||
| 008 | 215019s1993 ||||||||||||||000 | spa|| | ||
| 020 | _a950-518-020-9 | ||
| 040 | _cAR-BaBNM | ||
| 100 | 1 | _aZeitlin, Irving M. | |
| 245 | 1 | 0 | _aIdeología y teoría sociológica |
| 250 | _a1ª ed. | ||
| 260 |
_aBuenos Aires _bAmorrortu _c1993 |
||
| 300 | 0 | _a365 p. | |
| 490 | 0 | _aBiblioteca de sociología | |
| 650 | 4 | _aIDEOLOGIAS | |
| 650 | 4 | _aTEORIA SOCIOLOGICA | |
| 650 | 4 | _aSOCIOLOGIA | |
| 650 | 4 | _aESCUELAS FILOSOFICAS | |
| 650 | 4 | _aSOCIOLOGIA POLITICA | |
| 650 | 4 | _aFILOSOFIA POLITICA | |
| 650 | 4 | _aHISTORIA DE LAS IDEAS | |
| 650 | 4 | _aSOCIOLOGIA HISTORICA | |
| 650 | 4 | _aETICA | |
| 650 | 4 | _aEDUCACION | |
| 650 | 4 | _aPROBLEMAS SOCIALES | |
| 650 | 4 | _aSOCIOLOGOS | |
| 650 | 4 | _aSIGLO DIECIOCHO | |
| 650 | 4 | _aSIGLO DIECINUEVE | |
| 651 | 4 | _aReino Unido | |
| 651 | 4 | _aFrancia | |
| 651 | 4 | _aAlemania | |
| 800 | 1 |
_aRigal, Luis A. _edirector |
|
| 942 | _cBK | ||
| 998 | _cMarce | ||
| 999 |
_c7824 _d7824 |
||